00704nam a22001937a 4500003000200000005001700002008004100019020002200060050002300082100002000105245008600125260003700211300003000248504004200278650003600320942001200356999001900368952012300387020230911143125.0230811b xxu||||| |||| 00| 0 eng d a978-1-64504-250-1 aLB 1707b.L33 2022 aLadick, Michael aPurposeful development of professional learning processesceditor, Michael Ladick aNew YorkbDIO Press Inc., c2022 a135 p. bill. ; c24 cm.  aIncludes bibliographical references.  aProfessional learning process.  2lcccBK c365123d365123 00102lcc40aCLbCLcRESd2023-08-11eLibrary Fundl0oLB 1707 .L33 2022pC22832r2023-08-11 00:00:00w2023-08-11yBK